LEADER 01194nam0-2200361---450- 001 990009767380403321 005 20131009132133.0 010 $a2901833306 035 $a000976738 035 $aFED01000976738 035 $a(Aleph)000976738FED01 035 $a000976738 100 $a20131001d1996----km-y0itay50------ba 101 0 $afre 102 $aFR 105 $aacf-abcg001yd 200 1 $a<>peintures italiennes du Musée des Beaux-Arts$eXVIe, XVIIe & XVIIIe siècles$fAlain Roy, Paula Goldenberg 210 $aStrasbourg$cLes musèes de la ville de Strasbourg$d1996 215 $a187 p.$cill.$d26 cm 300 $aTiratura limitata a 2000 esemplari 610 0 $aPittura italiana$aSec. 16.-18.$aCollezioni 610 0 $aStrasburgo$aMusée des beaux-arts$aCataloghi 676 $a750.74$v20$zita 702 1$aGoldenberg,$bPaula 702 1$aRoy,$bAlain$f<1942- > 710 02$aMusée des beaux arts$c$0435985 801 0$aIT$bUNINA$gRICA$2UNIMARC 901 $aBK 912 $a990009767380403321 952 $a750.74 CATALOGHI 2$bBIBL. 59906$fFLFBC 959 $aFLFBC 996 $aPeintures italiennes du Musée des Beaux-Arts$9831964 997 $aUNINA LEADER 03149oas 2201237 a 450 001 9910139951603321 005 20251105213014.0 011 $a1438-7948 035 $a(DE-599)ZDB2010402-9 035 $a(DE-599)2010402-9 035 $a(OCoLC)44815154 035 $a(CONSER) 2001229189 035 $a(CKB)960988199007 035 $a(EXLCZ)99960988199007 100 $a20000818a20009999 sy a 101 0 $aeng 135 $aurmnu|||||||| 181 $ctxt$2rdacontent 182 $cc$2rdamedia 183 $acr$2rdacarrier 200 00$aFunctional & integrative genomics 210 $a[New York] $cSpringer-Verlag$d2000- 215 $a1 online resource 300 $aRefereed/Peer-reviewed 300 $aTitle from general information screen (viewed June 12, 2001). 311 08$a1438-793X 517 3 $aFunctional and integrative genomics 531 0 $aFunct. integr. genomics 606 $aGenomes$vPeriodicals 606 $aGene mapping$vPeriodicals 606 $aNucleotide sequence$vPeriodicals 606 $aBase Sequence 606 $aChromosome Mapping 606 $aGenome 606 $aGe?nomes$vPe?riodiques 606 $aCartes chromosomiques$vPe?riodiques 606 $aSe?quence nucle?otidique$vPe?riodiques 606 $aGene mapping$2fast$3(OCoLC)fst00939625 606 $aGenomes$2fast$3(OCoLC)fst00940225 606 $aNucleotide sequence$2fast$3(OCoLC)fst01041106 606 $aGenòmica$2thub 606 $aGenomes$2thub 606 $aSeqüència de nucleòtids$2thub 608 $aperiodicals.$2aat 608 $aPeriodicals.$2fast 608 $aPeriodicals.$2lcgft 608 $aPe?riodiques.$2rvmgf 608 $aRevistes electròniques.$2thub 615 0$aGenomes 615 0$aGene mapping 615 0$aNucleotide sequence 615 2$aBase Sequence. 615 2$aChromosome Mapping. 615 2$aGenome. 615 6$aGe?nomes 615 6$aCartes chromosomiques 615 6$aSe?quence nucle?otidique 615 7$aGene mapping. 615 7$aGenomes. 615 7$aNucleotide sequence. 615 7$aGenòmica. 615 7$aGenomes. 615 7$aSeqüència de nucleòtids. 676 $a572.86 801 0$bOH1 801 1$bOH1 801 2$bTJC 801 2$bFUG 801 2$bOCLCQ 801 2$bMUQ 801 2$bOCL 801 2$bOCLCQ 801 2$bBUF 801 2$bOCLCF 801 2$bOCLCQ 801 2$bOCLCO 801 2$bOCLCQ 801 2$bDLC 801 2$bZ5A 801 2$bOCLCO 801 2$bOCLCQ 801 2$bOCLCA 801 2$bAU@ 801 2$bOCLCO 801 2$bWYU 801 2$bUKMGB 801 2$bAUD 801 2$bVT2 801 2$bU3W 801 2$bNJT 801 2$bOCLCO 801 2$bOCLCA 801 2$bSCB 801 2$bOCLCA 801 2$bUBY 801 2$bBWN 801 2$bOCLCQ 801 2$bUAB 801 2$bSFB 801 2$bOCLCL 801 2$bQGK 801 2$bOCLCQ 906 $aJOURNAL 912 $a9910139951603321 996 $aFunctional & integrative genomics$92084834 997 $aUNINA